• 首页
  • 本馆介绍
  • 公告通知
  • 最新文献
  • 馆藏检索
  • 电子资源
  • 读者导购
  • 参考咨询
  • 我的图书馆
  • 登录
  • 详细信息显示
  • 放入我的书架
  • 预约/预借图书
  • 作者相关作品
  • 分类相关作品
  • 丛书相关作品
  • 出版社相关作品

书目信息

  • 表格格式
  • 工作单格式
  • 卡片格式
题名:
写歌宝典
    
 
作者: 尤静波 著
分册:  
出版信息: 上海   上海音乐出版社  2014
页数: 147页
开本: 21cm
丛书名: 流行音乐自学入门丛书
单 册:
中图分类: J614.9-49 , J614
科图分类:
主题词: 作词法--普及读物
电子资源:
ISBN: 978-7-5523-0565-4
000 00822oam2 2200253 450
001 2368814386
005 20231110101332.59
010    @a978-7-5523-0565-4@dCNY22.00
100    @a20141024d2014 em y0chiy50 ea
101 0  @achi
102    @aCN@b310000
105    @aag z 000yy
200 1  @a写歌宝典@Axie ge bao dian@f尤静波著
210    @a上海@c上海音乐出版社@d2014
215    @a147页@c照片@d21cm
225 1  @a流行音乐自学入门丛书
330    @a本书介绍了关于歌曲创作的入门常识,内容包括:如何写好第一句、如何发展第二句、如何写好结束句、如何塑造音乐形象、如何写好歌曲高潮、如何写好歌曲高潮等。
461  0 @12001 @a流行音乐自学入门丛书
606 0  @a作词法@j普及读物
690    @aJ614.9-49@v5
690    @aJ614@v4
701  0 @a尤静波@Ayou jing bo@4著
801  0 @aCN@b安徽时代@c20230923
905    @aBZT@dJ614@e3
    
    写歌宝典/尤静波著.-上海:上海音乐出版社,2014
    147页:照片;21cm.-(流行音乐自学入门丛书)
    
    
    ISBN 978-7-5523-0565-4:CNY22.00
    本书介绍了关于歌曲创作的入门常识,内容包括:如何写好第一句、如何发展第二句、如何写好结束句、如何塑造音乐形象、如何写好歌曲高潮、如何写好歌曲高潮等。
●
相关链接 在五车中查询图书 在当当中查询图书 在豆瓣中查询图书


正题名:写歌宝典     索取号:J614/3         预约/预借

序号 登录号 条形码 馆藏地/架位号 状态 备注
1 2000919343   2000919343   第四书库/四35架A面4层1列/ [索取号:J614/3] 在馆    
2 2000919344   2000919344   第四书库/四35架A面4层1列/ [索取号:J614/3] 在馆    
3 2000919345   2000919345   第四书库/四35架A面4层1列/ [索取号:J614/3] 在馆    
4 2000919346   2000919346   第四书库/四35架A面4层1列/ [索取号:J614/3] 在馆    
5 2000919347   2000919347   第四书库/四35架A面4层1列/ [索取号:J614/3] 在馆    
6 2000919348   2000919348   第四书库/四35架A面4层1列/ [索取号:J614/3] 在馆    
山东省滨州职业学院图书馆 欢迎您!
大连网信软件有限公司© 版权所有